Sports Quiz

Random Sports or MLB Quiz

Active Batting Average Leaders Quiz Stats

 Plays Quiz not verified by Sporcle

Challenge
Share
Tweet
Embed
Score 0/25 Timer 10:00
0 Plays Today
Batting Average Player % Correct
.321Miguel Cabrera
100%
.313Joe Mauer
99.5%
.312Albert Pujols
99.5%
.311Joey Votto
99.5%
.304Ryan Braun
99%
.314Ichiro Suzuki
98.6%
.310Buster Posey
98.6%
.307Robinson Cano
98.6%
.298David Wright
97.6%
.307Matt Holliday
96.7%
.298Andrew McCutchen
96.2%
.297Alex Rodriguez
96.2%
.299Dustin Pedroia
95.2%
Batting Average Player % Correct
.290Adrian Gonzalez
93.3%
.290Carlos Gonzalez
93.3%
.296Hanley Ramirez
92.4%
.297Troy Tulowitzki
88.6%
.292Carl Crawford
85.2%
.302Victor Martinez
84.3%
.291Nick Markakis
80.5%
.290Josh Hamilton
77.6%
.290Billy Butler
69.5%
.293Michael Brantley
68.6%
.293Howie Kendrick
64.3%
.291Martin Prado
43.8%

You're not logged in!

Compare scores with friends on all Sporcle quizzes.
Join for Free
OR
Log In

You Might Also Like...

Show Comments

Extras

Top Quizzes Today


Score Distribution

Your Account Isn't Verified!

In order to create a playlist on Sporcle, you need to verify the email address you used during registration. Go to your Sporcle Settings to finish the process.

Report this User

Report this user for behavior that violates our Community Guidelines.

Details: